000 00428nam a2200181Ia 4500
001 15097
003 IN-NITTTR
005 20251114233142.0
008 251113s9999||||xx |||||||||||||| ||eng||
040 _beng
040 _cIN-NITTTR
041 _aeng
082 _a005.133 R812C
100 _aRoy, M. K.
245 0 _aCobol programming /
_cRoy, M. K., Dastidar, D Ghosh
700 _a Dastidar, D Ghosh
942 _2ddc
_cBK
999 _c17731
_d17731